|
|
|
|
| LEADER |
02198nam a2200565 a 4500 |
| 001 |
nkc20091992268 |
| 003 |
CZ PrNK |
| 005 |
20111006092145.0 |
| 007 |
ta |
| 008 |
090901s2009 xr f p 001 0 cze |
| 015 |
|
|
|a cnb001992268
|
| 020 |
|
|
|a 978-80-200-1704-8
|q (Academia ;
|q brož.)
|
| 035 |
|
|
|a (OCoLC)500005610
|
| 040 |
|
|
|a ABA001
|b cze
|
| 072 |
|
7 |
|a 519.1/.8
|x Kombinatorika. Teorie grafů. Matematická statistika. Operační výzkum. Matematické modelování
|2 Konspekt
|9 13
|
| 072 |
|
7 |
|a 37.016
|x Učební osnovy. Vyučovací předměty. Učebnice
|2 Konspekt
|9 22
|
| 080 |
|
|
|a 005.311.6
|2 MRF
|
| 080 |
|
|
|a 519.673
|2 MRF
|
| 080 |
|
|
|a 519.217
|2 MRF
|
| 080 |
|
|
|a 519.872
|2 MRF
|
| 080 |
|
|
|a (048.8)
|2 MRF
|
| 080 |
|
|
|a (075.8)
|2 MRF
|
| 100 |
1 |
|
|a Lukáš, Ladislav,
|d 1942-
|7 mzk2003213656
|4 aut
|
| 245 |
1 |
0 |
|a Pravděpodobnostní modely v managementu :
|b Markovovy řetězce a systémy hromadné obsluhy /
|c Ladislav Lukáš
|
| 246 |
3 |
0 |
|a Markovovy řetězce a systémy hromadné obsluhy
|
| 250 |
|
|
|a Vyd. 1.
|
| 260 |
|
|
|a Praha :
|b Academia :
|b ČMT,
|c 2009
|
| 300 |
|
|
|a 135 s. ;
|c 21 cm
|
| 490 |
1 |
|
|a Lanna : knižnice České matice technické ;
|v sv. 2
|
| 504 |
|
|
|a Obsahuje bibliografii a rejstřík
|
| 650 |
0 |
7 |
|a rozhodování
|7 ph125259
|2 czenas
|
| 650 |
0 |
7 |
|a matematické modelování
|7 ph115240
|2 czenas
|
| 650 |
0 |
7 |
|a Markovovy procesy
|7 ph117828
|2 czenas
|
| 650 |
0 |
7 |
|a teorie hromadné obsluhy
|7 ph276803
|2 czenas
|
| 650 |
0 |
9 |
|a decision making
|2 eczenas
|
| 650 |
0 |
9 |
|a mathematical modeling
|2 eczenas
|
| 650 |
0 |
9 |
|a Markov Processes
|2 eczenas
|
| 650 |
0 |
9 |
|a queuing theory
|2 eczenas
|
| 655 |
|
7 |
|a monografie
|7 fd132842
|2 czenas
|
| 655 |
|
7 |
|a učebnice vysokých škol
|7 fd133772
|2 czenas
|
| 655 |
|
9 |
|a monographs
|2 eczenas
|
| 655 |
|
9 |
|a textbooks (higher)
|2 eczenas
|
| 830 |
|
0 |
|a Lanna
|0 s
|
| 856 |
4 |
1 |
|u http://www.digitalniknihovna.cz/mzk/uuid/uuid:31c1b890-18d8-11e5-a362-005056827e52
|y Digitalizovaný dokument
|x NDK
|
| 910 |
2 |
|
|a BOA001
|b 2-1234.052
|
| 928 |
9 |
|
|a Česká matice technická
|
| 990 |
|
|
|a BK
|
| 995 |
|
|
|a 01
|
| 991 |
|
|
|b 200912
|c NOV
|j 519 LUK
|
| 996 |
6 |
|
|b 2610404656
|c 2-1234.052
|l MZK
|r Sklad / do 1 hodiny
|n 3
|p p.v.
|w 000978525
|u 000010
|a 1
|e BOA001
|j MZK50
|s P
|